Keith Steiner Collection of Hawaiian Numerals (June 28, 2017) (Record no. 2562)

000 -LEADER
fixed length control field 00322nam a22000977a 4500
008 - FIXED-LENGTH DATA ELEMENTS--GENERAL INFORMATION
fixed length control field 171204b xxu||||| |||| 00| 0 eng d
100 ## - MAIN ENTRY--AUTHOR'S NAME
Author's Name Robert Siegel Auctions
245 ## - TITLE STATEMENT
Title Keith Steiner Collection of Hawaiian Numerals (June 28, 2017)
260 ## - PUBLICATION, DISTRIBUTION, ETC. (IMPRINT)
Place of publication, distribution, etc. New Your
Name of publisher, distributor, etc. Robert Siegel Auctions Galleries
Date of publication, distribution, etc. 2017
650 ## - TOPICAL TERM (Tag)
Topical term or geographic name hawaiian numerals
Holdings
Withdrawn status Lost status Source of classification or shelving scheme Damaged status Koha normalized classification for sorting Not for loan Permanent Location Current Location Shelving location Date acquired Total Checkouts Full call number Barcode Date last seen Copy number Price effective from
        G4381 P718 S571   Northern Philatelic Library Northern Philatelic Library General Stacks 12/04/2017   G4381 P718 S571 1002831 12/04/2017 1 12/04/2017

Powered by Koha